000 00287nam a2200121Ia 4500
008 220204s9999 xx 000 0 und d
082 _a336.7(540)
_bGHO
100 _aGHOSH, D N
245 0 _aBanking policy in India
260 _aBombay
_bAllied
_c1979
650 _aBanking
942 _cBK
999 _c34761
_d34761